地域通貨から自治体当てクイズ(関東地方) - Statistics

General Stats
  • This quiz has been taken 85 times
  • The average score is 11 of 16
Answer Stats
Picture Hint Answer % Correct
さいコイン 埼玉県さいたま市
93%
桐ペイ 群馬県桐生市
88%
せたPay 東京都世田谷区
87%
ネギー 埼玉県深谷市
84%
アクアコイン 千葉県木更津市
83%
渋Pay 群馬県渋川市
79%
いたペイ 東京都板橋区
79%
ISECA 群馬県伊勢崎市
78%
ハチペイ 東京都渋谷区
74%
みたポ 東京都三鷹市
74%
くにPay 東京都国立市
67%
ナカペイ 東京都中野区
61%
ICHICO 千葉県市川市
61%
OTACO 群馬県太田市
54%
桑都ペイ 東京都八王子市
29%
アインPay 東京都東村山市
21%
No matching quizzes found
Score Distribution
Percent of People with Each Score
Percentile by Number Answered
Your Score History
You have not taken this quiz